[Event "Wch U20 49th"]
[Site "Chotowa"]
[Date "2010.08.16"]
[Round "13"]
[White "Stoyko, Maksym"]
[Black "Larmuseau, Michiel"]
[Result "1/2-1/2"]
[WhiteElo "2206"]
[BlackElo "2068"]
[PlyCount "69"]
[EventDate "2010.08.03"]
[EventType "swiss"]
[EventRounds "13"]
[EventCountry "POL"]
[SourceTitle "CBM 137 Extra"]
[Source "ChessBase"]
[SourceDate "2010.09.01"]
[SourceVersion "1"]
[SourceVersionDate "2010.09.01"]
[SourceQuality "1"]

1. d4 Nf6 2. c4 e6 3. Nc3 Bb4 4. Qc2 0-0 5. a3 Bxc3+ 6. Qxc3 b6 7. Bg5 Ba6 8. e3 d6 9. Bd3 Nbd7 10. Ne2 c5 11. Qc2 h6 12. Bh4 Qc7 13. 0-0 Rac8 14. Rac1 cxd4 15. exd4 d5 16. b3 dxc4 17. bxc4 e5 18. Bxf6 Nxf6 19. c5 Bxd3 20. Qxd3 e4 21. Qh3 bxc5 22. Rxc5 Qb7 23. Qc3 Nd7 24. Rxc8 Rxc8 25. Qe3 Nb6 26. Ng3 Re8 27. Nf5 Re6 28. Qg3 Rg6 29. Qe5 Kh7 30. Nd6 Qc6 31. Nxe4 Nc4 32. Qf4 Nxa3 33. Rc1 Nc2 34. Ng3 Qa4 35. Qxf7 1/2-1/2

[Event "Wch U20 49th"]
[Site "Chotowa"]
[Date "2010.08.15"]
[Round "12"]
[White "Gora, Jan"]
[Black "Stoyko, Maksym"]
[Result "0-1"]
[WhiteElo "1848"]
[BlackElo "2206"]
[PlyCount "52"]
[EventDate "2010.08.03"]
[EventType "swiss"]
[EventRounds "13"]
[EventCountry "POL"]
[SourceTitle "CBM 137 Extra"]
[Source "ChessBase"]
[SourceDate "2010.09.01"]
[SourceVersion "1"]
[SourceVersionDate "2010.09.01"]
[SourceQuality "1"]

1. e4 d6 2. d4 Nf6 3. Nc3 g6 4. Be3 c6 5. f3 Qb6 6. Qd2 Qxb2 7. Rb1 Qa3 8. Nge2 Nbd7 9. Nc1 Qa5 10. Nb3 Qd8 11. a4 Bg7 12. Be2 0-0 13. g4 e5 14. h4 d5 15. h5 Re8 16. hxg6 fxg6 17. g5 Nh5 18. exd5 exd4 19. Bxd4 Ne5 20. Kd1 Ng3 21. Re1 Nxe2 22. Qxe2 Bf5 23. Nc5 Nxf3 24. Qxe8+ Qxe8 25. Rxe8+ Rxe8 26. Bxg7 Re1# 0-1

[Event "Wch U20 49th"]
[Site "Chotowa"]
[Date "2010.08.13"]
[Round "10"]
[White "Gator, Mosab"]
[Black "Stoyko, Maksym"]
[Result "1/2-1/2"]
[WhiteElo "2121"]
[BlackElo "2206"]
[PlyCount "59"]
[EventDate "2010.08.03"]
[EventType "swiss"]
[EventRounds "13"]
[EventCountry "POL"]
[SourceTitle "CBM 137 Extra"]
[Source "ChessBase"]
[SourceDate "2010.09.01"]
[SourceVersion "1"]
[SourceVersionDate "2010.09.01"]
[SourceQuality "1"]

1. e4 d6 2. d4 Nf6 3. Bd3 g6 4. c3 Bg7 5. Nf3 0-0 6. h3 Nbd7 7. 0-0 e5 8. Qc2 b6 9. Nbd2 Bb7 10. Re1 Re8 11. Nf1 d5 12. exd5 Nxd5 13. Bg5 Bf6 14. Bxf6 Qxf6 15. Bb5 c6 16. Bc4 Nc7 17. Ne3 exd4 18. Ng4 Qg7 19. cxd4 c5 20. Nfe5 Nxe5 21. dxe5 Kh8 22. Rad1 Re7 23. Rd6 Ne8 24. Rdd1 h5 25. Nh2 Nc7 26. Qb3 Rae8 27. Re3 Ne6 28. Bxe6 Rxe6 29. Nf3 Bxf3 30. Rxf3 1/2-1/2

[Event "Wch U20 49th"]
[Site "Chotowa"]
[Date "2010.08.09"]
[Round "6"]
[White "Stoyko, Maksym"]
[Black "Narmontas, Matas"]
[Result "0-1"]
[WhiteElo "2206"]
[BlackElo "2379"]
[PlyCount "96"]
[EventDate "2010.08.03"]
[EventType "swiss"]
[EventRounds "13"]
[EventCountry "POL"]
[SourceTitle "CBM 137 Extra"]
[Source "ChessBase"]
[SourceDate "2010.09.01"]
[SourceVersion "1"]
[SourceVersionDate "2010.09.01"]
[SourceQuality "1"]

1. d4 d5 2. c4 c6 3. Nf3 Nf6 4. Nc3 a6 5. e3 Bg4 6. Be2 b5 7. b3 e6 8. h3 Bxf3 9. Bxf3 Bd6 10. 0-0 0-0 11. Bb2 Nbd7 12. Be2 Qe7 13. c5 Bc7 14. b4 Ne4 15. Bd3 f5 16. Ne2 Qh4 17. Qe1 Qh6 18. a4 Ndf6 19. Bc1 Qh4 20. f4 Qh6 21. Bxe4 dxe4 22. Bd2 Nd5 23. Kh2 g5 24. g3 Kh8 25. Rg1 Rg8 26. axb5 axb5 27. Qf2 Nf6 28. Qf1 Qh5 29. Rxa8 Rxa8 30. Nc3 gxf4 31. exf4 Nd5 32. Nxd5 exd5 33. Qd1 Qe8 34. Qb3 Ra4 35. g4 Qb8 36. Rf1 Qa8 37. Bc1 Ra2+ 38. Kg3 Re2 39. Rf2 Re1 40. Qc3 Rd1 41. Rd2 Bxf4+ 42. Kxf4 Qb8+ 43. Kg5 Rf1 44. Re2 Rf3 45. Re3 Qd8+ 46. Kh5 Qe8+ 47. Kh4 Qe7+ 48. g5 Rf4+ 0-1

[Event "Rome Accademia Winter"]
[Site "Rome"]
[Date "2010.02.14"]
[Round "5"]
[White "Stoyko, Maksym"]
[Black "Vuelban, Virgilio"]
[Result "1-0"]
[WhiteElo "2152"]
[BlackElo "2353"]
[PlyCount "105"]
[EventDate "2010.02.12"]
[EventType "swiss"]
[EventRounds "5"]
[EventCountry "ITA"]
[SourceTitle "EXT 2024"]
[Source "ChessBase"]
[SourceDate "2023.10.10"]
[SourceVersion "1"]
[SourceVersionDate "2023.10.10"]
[SourceQuality "1"]

1. d4 Nf6 2. c4 g6 3. Nc3 Bg7 4. e4 d6 5. f3 0-0 6. Bg5 c5 7. d5 e6 8. Qd2 exd5 9. Nxd5 Nc6 10. Bd3 Be6 11. Ne2 Bxd5 12. cxd5 Ne5 13. Nc3 a6 14. Be2 b5 15. Rc1 Qa5 16. b3 Rfe8 17. 0-0 Rac8 18. Rfe1 c4 19. Nd1 Qxd2 20. Bxd2 cxb3 21. axb3 Rxc1 22. Bxc1 Rc8 23. Ba3 Bf8 24. Nf2 g5 25. Rc1 Rxc1+ 26. Bxc1 h6 27. Nd1 Nfd7 28. b4 Nb6 29. Ne3 f6 30. Bb2 Kf7 31. Kf2 Kg6 32. Bd4 Nc8 33. g3 Be7 34. f4 Nd7 35. Bg4 Ncb6 36. h4 Bf8 37. h5+ Kf7 38. Be6+ Ke8 39. Kf3 Be7 40. Kg4 gxf4 41. gxf4 Nc4 42. Nxc4 bxc4 43. Bxd7+ Kxd7 44. Kf5 Bd8 45. Bc3 Be7 46. Kg6 Ke8 47. Kg7 Bd8 48. f5 Be7 49. Bd2 Bd8 50. Bxh6 c3 51. Bc1 Be7 52. h6 Bf8+ 53. Kxf6 1-0

[Event "Campobasso op 14th"]
[Site "Campobasso"]
[Date "2007.07.22"]
[Round "5"]
[White "Stoyko, Maksym"]
[Black "Safranska, Anda"]
[Result "0-1"]
[WhiteElo "2129"]
[BlackElo "2301"]
[PlyCount "73"]
[EventDate "2007.07.20"]
[EventType "swiss"]
[EventRounds "6"]
[EventCountry "ITA"]
[SourceTitle "EXT 2009"]
[Source "ChessBase"]
[SourceDate "2008.11.26"]
[SourceVersion "1"]
[SourceVersionDate "2008.11.26"]
[SourceQuality "1"]

1. e4 g6 2. d4 Bg7 3. Nc3 c6 4. Nf3 d5 5. h3 Nh6 6. Bf4 f6 7. Be2 a6 8. a4 b6 9. 0-0 0-0 10. Re1 Nf7 11. Bf1 a5 12. exd5 cxd5 13. Bb5 g5 14. Bg3 e6 15. Ne2 Nd6 16. Bxd6 Qxd6 17. c4 Nc6 18. Nc3 Nb4 19. Qe2 Ra7 20. Rad1 Kh8 21. Nh2 Rc7 22. Ng4 Qd8 23. Nh2 Rg8 24. Ng4 Rf8 25. Nh2 dxc4 26. Bxc4 Nc2 27. Qxc2 Rxc4 28. Qe2 Rxd4 29. Nf3 Rxd1 30. Rxd1 Qc7 31. Nd4 e5 32. Ndb5 Qc5 33. Nd5 Be6 34. Nbc3 f5 35. Qh5 g4 36. hxg4 fxg4 37. Ne3 0-1

[Event "Prati di Tivo Gran Sasso op"]
[Site "Prati di Tivo"]
[Date "2006.09.03"]
[Round "1"]
[White "Stoyko, Maksym"]
[Black "Naumkin, Igor"]
[Result "0-1"]
[WhiteElo "1978"]
[BlackElo "2430"]
[PlyCount "70"]
[EventDate "2006.09.03"]
[EventType "swiss"]
[EventRounds "6"]
[EventCountry "ITA"]
[SourceTitle "EXT 2024"]
[Source "ChessBase"]
[SourceDate "2023.10.10"]
[SourceVersion "1"]
[SourceVersionDate "2023.10.10"]
[SourceQuality "1"]

1. d4 e6 2. c4 f5 3. g3 Nf6 4. Bg2 Be7 5. Nf3 0-0 6. 0-0 d6 7. Nc3 a5 8. b3 Qe8 9. Bb2 Qh5 10. e3 Qh6 11. Ne1 Nc6 12. Nd3 Bd7 13. a3 e5 14. dxe5 dxe5 15. Nd5 Bd8 16. Nc5 Bc8 17. Nxf6+ Bxf6 18. Bxc6 bxc6 19. Nd7 Rd8 20. Nxf6+ Qxf6 21. Qc2 c5 22. e4 f4 23. Qc3 Re8 24. gxf4 Qxf4 25. Qg3 Ra6 26. Qxf4 exf4 27. f3 Bh3 28. Rf2 Rb8 29. Be5 Rg6+ 30. Kh1 Rxb3 31. Bxf4 Rgb6 32. Bc1 Rb1 33. Rxb1 Rxb1 34. Rc2 Rb3 35. Rf2 Rc3 0-1